Věnce a košíky : přes 77 DIY nápadů na dekorace z mé květinové dílny = cez 77 DIY nápadov na dekorácie z mojej kvetinovej dielne /

Hlavní autor: Schmidt, Ulrike
Další autoři: Urešová, Daniela, Snováková-Potocká, Lubica, Schmidt, Ulrike., Schmidt, Ulrike.
Jazyk: Slovenština
Čeština
Vydáno: Praha : Profi Press s.r.o., 2023
Vydání: 1. vydání
Témata:
Fyzický popis: 128 stran : barevné ilustrace ; 29 cm
Language note: Souběžný slovenský text
Knihy
Uloženo v:
LEADER 02184cam a2200565 i 4500
001 nkc20243581873
003 CZ PrNK
005 20250507080833.0
007 ta
008 231130s2023 xr a e f 000 0 cze d
015 |a cnb003581873 
020 |a 978-80-88306-26-9  |q (vázáno) 
035 |a (OCoLC)1522999585 
040 |a KLG001  |b cze  |d BOA001  |e rda 
041 1 |a cze  |a slo  |h ger 
072 7 |a 74  |x Kresba. Umělecká řemesla  |2 Konspekt  |9 21 
080 |a 745.9  |2 MRF 
080 |a 745.93  |2 MRF 
080 |a 745.5-032/-035  |2 MRF 
080 |a (035)  |2 MRF 
100 1 |a Schmidt, Ulrike  |7 xx0311114  |4 aut  |4 pht 
245 1 0 |a Věnce a košíky :  |b přes 77 DIY nápadů na dekorace z mé květinové dílny = cez 77 DIY nápadov na dekorácie z mojej kvetinovej dielne /  |c Ulrike Schmidt ; překlad Daniela Urešová, preklad Ľubica Potocká 
250 |a 1. vydání 
264 1 |a Praha :  |b Profi Press s.r.o.,  |c 2023 
300 |a 128 stran :  |b barevné ilustrace ;  |c 29 cm 
336 |a text  |b txt  |2 rdacontent 
336 |a statický obraz  |b sti  |2 rdacontent 
337 |a bez média  |b n  |2 rdamedia 
338 |a svazek  |b nc  |2 rdacarrier 
500 |a Přeloženo z němčiny 
500 |a Pod názvem uvedeno původní nakladatelství: Bloom's 
546 |a Souběžný slovenský text 
650 0 7 |a aranžování květin  |7 ph118568  |2 czenas 
650 0 7 |a květinové dekorace  |7 ph925614  |2 czenas 
650 0 7 |a výtvarné práce z přírodních materiálů  |7 ph136859  |2 czenas 
650 0 9 |a flower arrangement  |2 eczenas 
650 0 9 |a flower decorations  |2 eczenas 
650 0 9 |a nature craft  |2 eczenas 
655 7 |a příručky  |7 fd133209  |2 czenas 
655 9 |a handbooks and manuals  |2 eczenas 
700 1 |a Urešová, Daniela  |7 xx0213403  |4 trl 
700 1 |a Snováková-Potocká, Lubica  |7 mzk20241212395  |4 trl 
700 1 2 |a Schmidt, Ulrike.  |t Von Kränzen und Körben.  |l Česky 
700 1 2 |a Schmidt, Ulrike.  |t Von Kränzen und Körben.  |l Slovensky 
910 2 |a BOA001  |b 4-1530.185 
920 |a 1597268  |z KLG001 
990 |a BK 
995 |a 01 
991 |b 202408  |c NOV 
996 6 |b 2610977345  |c 4-1530.185  |l MZK  |r Sklad / do 1 hodiny  |n 1  |p p.v.  |w 001974020  |u 000010  |a 1  |e BOA001  |j MZK50  |s P